| 000 | 00370nam a2200145Ia 4500 | ||
|---|---|---|---|
| 008 | 240624s9999 xx 000 0 und d | ||
| 041 | _aeng | ||
| 082 | _a330.01 MAK | ||
| 100 | _aMAKI ATSUSHI | ||
| 245 | _aINTRODUCTION TO ESTIMATING ECONOMIC MODE | ||
| 250 | _a11 | ||
| 260 |
_c2011 _aNew York _bRoutledge |
||
| 300 | _axvii, : 204 : p. : cm. ; 23 | ||
| 365 |
_cBPS _b27 |
||
| 999 |
_c17786 _d17786 |
||